| 000 | 00623nam a22002177a 4500 | ||
|---|---|---|---|
| 999 |
_c7666 _d7666 |
||
| 001 | 7666 | ||
| 003 | BD-JhCC | ||
| 005 | 20181003172605.0 | ||
| 008 | 180213b xxu||||| |||| 00| 0 eng d | ||
| 035 | _a(BD-JhCC)7666 | ||
| 040 |
_aBD-JhCC _dBD-JhCC |
||
| 041 | _aben | ||
| 082 |
_a591 _bCHO 1982 |
||
| 100 | _aচৌধুর, এ এন | ||
| 245 |
_aস্নাতক প্রাণীবিজ্ঞান / _cএ এন চৌধুর |
||
| 260 |
_aঢাকা : _bমল্লিক ব্রাদার্স _c1982 |
||
| 300 |
_a847 p. : _c18 cm. |
||
| 650 | _aZoology | ||
| 942 |
_2ddc _cBK |
||